000 005330000a22001810004500
020 _a2-8254-0831-X
041 0 _aENG
082 0 4 _aG 262.0011 K557w
100 1 _aKinnamon, Michael
245 1 0 _aWhy it matters : A popular introduction to the baptism, eucharist and ministry text / Michael Kinnamon
260 _aGeneva, Escocia : World Council of Churches
300 _a72 Pag
001 7030
942 _cBK
999 _c37266
_d37266
336 _atexto
_btxt
_2rdacontent
337 _2rdamedia
_asin mediación
_bn
338 _2rdacarrier
_avolumen
_bnc